Detalles MARC
| 000 -LEADER |
| fixed length control field |
01744cam a2200337 a 4500 |
| 005 - FECHA ULTIMA MODIFICACION |
| control field |
20240618124036.0 |
| 008 - CAMPO DE CONTROL (LIBRO) |
| fixed length control field |
100706s2004||||ag a | |||| 00| 0 spa d |
| 020 ## - INTERNATIONAL STANDARD BOOK NUMBER |
| ISBN |
9789500618687 |
| 041 ## - CODIGO DE IDIOMA |
| Código de idioma del texto/pista de sonido o título separado |
spa |
| 092 ## - SIGNATURA TOPOGRAFICA DEWEY LOCAL |
| número de clasificación |
616.079 |
| libristica |
72 |
| sección |
RAB |
| 100 1# - ENTRADA PRINCIPAL--NOMBRE PERSONAL |
| Nombre personal |
Rabinovich, Gabriel Adrián. |
| 9 (RLIN) |
986 |
| 245 ## - TITULO PROPIAMENTE DICHO |
| Título |
Inmunopatología Molecular. Nuevas fronteras de la medicina. |
| Subtítulo y Título paralelo |
Un nexo entre la investigacón biomédica y la práctica clínica / |
| Mención de responsabilidad y remanente de la transcripción de la portada |
Gabriel Adrián Rabinovich. |
| 250 ## - MENCION DE EDICION |
| Mención de edición |
1a ed. |
| 260 ## - PIE DE IMPRENTA |
| Lugar de publicación, distribución, etc |
Buenos Aires: |
| Nombre de la editorial, distribuidor, etc |
Editorial Médica Panamericana; |
| Fecha de publicación |
2004. |
| 300 ## - DESCRIPCION FISICA |
| Extension |
614 p. |
| Otros detalles físicos |
il. |
| Dimensiones |
28x20 cm. |
| 500 ## - NOTA GENERAL |
| Nota general |
Rabinovich, G. A. (2004). Inmunopatología Molecular. Nuevas fronteras de la medicina. Un nexo entre la investigación biomédica y la práctica clínica. (1a ed.). Buenos Aires : Editorial Médica Panamericana. |
| 653 ## - TÉRMINO INDIZADO - PALABRAS CLAVES |
| Palabra clave |
Inmunología molecular y estructural: receptores, señales intracelulares y regulación transcripcional |
| 653 ## - TÉRMINO INDIZADO - PALABRAS CLAVES |
| Palabra clave |
Inmunología, inmunogenética y trasplante |
| 653 ## - TÉRMINO INDIZADO - PALABRAS CLAVES |
| Palabra clave |
Inflamación e inmunidad de mucosas: aspectos celulares y moleculares |
| 653 ## - TÉRMINO INDIZADO - PALABRAS CLAVES |
| Palabra clave |
Aspectos celulares y moleculares de la respuesta inmune frente a las infecciones |
| 653 ## - TÉRMINO INDIZADO - PALABRAS CLAVES |
| Palabra clave |
Inmunodeficiencias: desde el gen hacia la clinica. Diagnóstico molecular, terapéutica e investigación básica |
| 653 ## - TÉRMINO INDIZADO - PALABRAS CLAVES |
| Palabra clave |
Inmunobiología e inmunopatología de la reproducción |
| 653 ## - TÉRMINO INDIZADO - PALABRAS CLAVES |
| Palabra clave |
Respuesta inmune frente a los tumores |
| 653 ## - TÉRMINO INDIZADO - PALABRAS CLAVES |
| Palabra clave |
Tolerancia inmunológica y autoinmunidad: mecanismos, inmunodiagnóstico y terapéutica |
| 653 ## - TÉRMINO INDIZADO - PALABRAS CLAVES |
| Palabra clave |
Atopia, alergia e hipersenbilidad: perspectivas de la inmunointervención |
| 653 ## - TÉRMINO INDIZADO - PALABRAS CLAVES |
| Palabra clave |
Neuroinmunoendocrinología |
| 930 ## - NUMERO DE INVENTARIO |
| Número de inventario |
1185 |
| 930 ## - NUMERO DE INVENTARIO |
| Número de inventario |
1310 |
| 930 ## - NUMERO DE INVENTARIO |
| Número de inventario |
1311 |
| 942 ## - ADDED ENTRY ELEMENTS (KOHA) |
| Source of classification or shelving scheme |
Dewey Decimal Classification |
| Item type |
Libros |